| 000 | 00806nab a2200301 a 4500 | ||
|---|---|---|---|
| 001 | 29176 | ||
| 003 | 94515 | ||
| 005 | 20240710120905.0 | ||
| 008 | ||||||n9999 ||| || || | ||
| 041 | _aspa | ||
| 082 |
_219 _a354 |
||
| 245 | 0 |
_aBase metodologica, antecedentes e institucionalizacion del proceso (v1) : _b1821-1971 |
|
| 250 | _a4ed | ||
| 260 |
_aMéxico : _bMiguel Ángel Porrúa, _c1980. |
||
| 300 | _av1 233p | ||
| 562 | _e1 | ||
| 650 | _aACUERDO | ||
| 650 | _aADMINISTRACIÓN PÚBLICA--TEORÍAS | ||
| 650 | _aANÁLISIS HISTÓRICO | ||
| 650 | _aEXPERIENCIAS NACIONALES | ||
| 650 | _aLEGISLACIÓN | ||
| 650 | _aMÉXICO | ||
| 650 | _aSISTEMAS ADMINISTRATIVOS | ||
| 773 |
_07427 _aLa reforma administrativa en Mexico |
||
| 942 | _cBKM | ||
| 999 |
_c29176 _d29176 |
||
| 526 | _a19790 | ||
| 526 | _a104436 | ||